Origens do pensamiento academico em Jornalismo (Registro nro. 310610)
[ vista simple ]
| 000 -ENCABEZADO | |
|---|---|
| Número de control [NR] | 00692 a2200217 4500 |
| 005 - FECHA Y HORA DE LA ÚLTIMA TRANSACCIÓN | |
| control field | 20180924112456.0 |
| 008 - DE LONGITUD FIJA DE DATOS DE ELEMENTOS - INFORMACIÓN GENERAL | |
| Elementos de longitud fija [NR] | 180924s2017 bl ||||| |||| 00| 0 por d |
| 020 ## - NUMERO INTERNACIONAL NORMALIZADO PARA LIBROS [R] | |
| Número Internacional Normalizado del libro [NR] | 9788574749792 |
| 040 ## - FUENTE DE CATALOGACION [NR] | |
| Agencia de catalogación original [NR] | CO-BoUCM |
| Idioma de catalogación [NR] | spa |
| Quien Cataloga | Saul Niño |
| Quien Clasifica | Saul Niño |
| 041 0# - CODIGO DE IDIOMA [R] | |
| Código de idioma para texto/pista de sonido o título separado [R] | Portugués |
| 100 10 - ASIENTO PRINCIPAL--NOMBRE PERSONAL [NR] | |
| Nombre personal [NR] | Rüdiger, Francisco |
| ID Autoridad | 93719 |
| 245 10 - MENCION DE TITULO [NR] | |
| Título [NR] | Origens do pensamiento academico em Jornalismo |
| Mención de responsabilidad, etc. [NR] | Francisco Rudiger |
| 260 ## - PUBLICACION, DISTRIBUCION, ETC. (PIE DE IMPRENTA) [R] | |
| Lugar de publicación, distribución, etc. [R] | Florianópolis |
| Nombre del editor, distribuidor, etc. [R] | Editora Insular |
| Fecha de publicación, distribución, etc. [R] | 2017 |
| 300 ## - DESCRIPCION FISICA [R] | |
| Extensión [R] | 236 páginas |
| 490 ## - MENCION DE SERIE [R] | |
| Mención de serie [R] | Serie jornalismo a rigor |
| Designación numérica/secuencial del volumen [NR] | 2 |
| 546 ## - NOTA DE IDIOMA [R] | |
| Nota de idioma [NR] | Texto en francés |
| 650 #7 - ASIENTO SECUNDARIO DE MATERIA - TERMINO TEMATICO [R] | |
| 9 (RLIN) | 21340 |
| Término temático o nombre geográfico como elemento de entrada [NR] | Periodismo |
| 650 #7 - ASIENTO SECUNDARIO DE MATERIA - TERMINO TEMATICO [R] | |
| 9 (RLIN) | 137 |
| Término temático o nombre geográfico como elemento de entrada [NR] | Comunicación |
| 942 ## - ELEMENTOS DE ENTRADA AGREGADOS (KOHA) | |
| Tipo de ítem principal el descrito en 300a | Libro |
| Sistema de clasificación | DEWEY |
| Tema principal | Generalidades |
| Edición | 1 |
| Clasificación | 070 |
| Parte restante de la signatura top. | R279o |
| Fecha de último préstamo | Total préstamos | Total Renewals | Signatura topográfica | Código de barras | Última vez visto | Ejemplar | Costo de reposición | Price effective from | Tipo de ítem | Perdido | Sistema de clasificación | Dañado | No prestable | Tipo de ítem específico | Suprimido | Ubicación habitual | Ubicación actual | Localización | Fecha de creación | Proveedor | Forma de adquisición | Costo |
|---|---|---|---|---|---|---|---|---|---|---|---|---|---|---|---|---|---|---|---|---|---|---|
| 14/01/2020 | 1 | 2 | 070 R279o | 100158066 | 05/12/2025 | Ej.1 | 26000.00 | 18/09/2018 | Libro | DEWEY | Libro | Claustro | Claustro | 2do piso | 18/09/2018 | 12 | Donación | 0.00 |